| 000 | 00389nam a2200109Ia 4500 | ||
|---|---|---|---|
| 008 | 220204s9999 xx 000 0 und d | ||
| 082 |
_a632.95+631.811.98 _bANA.5 |
||
| 245 | 0 | _aAnalytical methods for pesticides plant growth regulators and food additives. V 5. Additional principles and methods of anlaysis | |
| 260 |
_aNew York _bAcademic _c1967 |
||
| 650 | _aPesticide analysis | ||
| 942 | _cBK | ||
| 999 |
_c25982 _d25982 |
||